000 00725nam a2200241Ia 4500
003 OSt
005 20220926014031.0
006 a|||||r|||| 00| 0
007 ta
008 220923b |||||||| |||| 00| 0 eng d
020 _a9781635496628
_c8211.62
037 _b00080, 12/03/2019, Kiran Book Service
_cGeneral Book
040 _aRTL
_cRTL
_beng
041 _2eng
_aeng
082 _aX:328, Q8
100 _aMELVILLE Hugh
_9319565
245 0 _aEntrepreneurship
260 _aNew York
_bLarsen and Keller
_c2018
300 _avii, 235p
_ccm.
500 _aBibliography chapterwise
942 _hX:328, Q8
_cGB
_2CC
999 _c627555
_d627555